Politique Internationale en A - Statistiques

Statistiques générales
  • Ce quiz a été pris 354 fois
  • Le résultat moyen est 5 sur 10
Statistiques - réponses
Hint Réponse % Correct
Pays dans lequel les Talibans ont pris le pouvoir en 2021 Afghanistan
99%
Pays dans lequel Javier Milei a été élu président de la République en 2023. Argentine
85%
Courant de pensée et ensemble d’actions politiques dont le but est la remise en cause et le renversement du système colonial. Anticolonialisme
48%
Ancien Premier Ministre Japonais (2006-2007 puis 2012-2020) assassiné en 2022 à l’aide d’un fusil de fabrication artisanale. Shinzo Abe
45%
Président chilien socialiste élu en 1970, il est victime d’un coup d’Etat par Augusto Pinochet le 11 septembre 1973 et se suicide à cette occasion. Salvador Allende
44%
Ancien Secrétaire Général des Nations Unies, ce diplomate ghanéen a reçu le prix Nobel de la Paix en 2001 Kofi Annan
38%
Alliance politique, économique et culturelle regroupant 10 pays d’Asie du sud-est. Association des Nations de l’Asie du sud-est (ASEAN)
33%
Mouvement politique revendiquant un changement de l’organisation mondiale, sans remettre en cause la mondialisation. Les partisans de ce mouvement global s’opposent au libéralisme économique et à la mondialisation économique des pratiques financières. Altermondialisme
29%
Un des six organes principaux de l’ONU. Cet organe a un rôle consultatif et est composé de cinq représentants par Etat membre, chaque État dispose d’une voix. Assemblée générale des Nations Unies
26%
Ancienne Première Ministre néo-zélandaise de 2017 à 2023, elle est issue du parti travailliste. Jacinda Ardern
10%
Aucun quiz correspondant
Distribution des résultats
% des personnes avec chaque résultat
Percentile par nombre de réponses
Votre historique - résultats
Vous n’avez pas pris ce quiz